| 000 | 00524nam a22001817a 4500 | ||
|---|---|---|---|
| 003 | CEME | ||
| 005 | 20210628210323.0 | ||
| 008 | 210201b xxu||||| |||| 00| 0 eng d | ||
| 040 | _c. | ||
| 082 | _a297.63 MUH | ||
| 100 |
_aMuhammad Yousaf Bin Ismail. Allama _978967 |
||
| 245 | _aSadaat-ul-darain fe salaat ala syed ul konain | ||
| 260 |
_aLAHORE _bZIA UL QURAN PUBLICATION _c1999 |
||
| 300 | _a2VOLS | ||
| 650 |
_aISLAM-FAZAYEL DAROOD-E-PAK _978968 |
||
| 700 |
_aAbdul Qayyum Khan. Allama _978969 |
||
| 942 |
_cBK _01 _2ddc |
||
| 999 |
_c584040 _d584040 |
||